Upnishadaanche Marathi Bhaashaantar (Record no. 348273)

MARC details
000 -LEADER
fixed length control field 005860000a22002530004500
005 - DATE AND TIME OF LATEST TRANSACTION
control field 20120302055404.0
040 ## - CATALOGING SOURCE
Original cataloging agency M.S
100 ## - MAIN ENTRY--PERSONAL NAME
Personal name Chitraava,Siddheshwarshastri
245 ## - TITLE STATEMENT
Title Upnishadaanche Marathi Bhaashaantar
260 ## - PUBLICATION, DISTRIBUTION, ETC. (IMPRINT)
Place of publication, distribution, etc Pune:Bharatiya Charitrakosh Mandal
300 ## - PHYSICAL DESCRIPTION
Extent 385p.
365 ## - TRADE PRICE
Price amount 50/-
490 ## - SERIES STATEMENT
Series statement Upnishada Anuwaadmaalaa-1
650 ## - SUBJECT ADDED ENTRY--TOPICAL TERM
Topical term or geographic name as entry element Tatvadnyan
650 ## - SUBJECT ADDED ENTRY--TOPICAL TERM
Topical term or geographic name as entry element Upnishada
650 ## - SUBJECT ADDED ENTRY--TOPICAL TERM
Topical term or geographic name as entry element Ieshaawaasya
650 ## - SUBJECT ADDED ENTRY--TOPICAL TERM
Topical term or geographic name as entry element Ken
650 ## - SUBJECT ADDED ENTRY--TOPICAL TERM
Topical term or geographic name as entry element Kantha
650 ## - SUBJECT ADDED ENTRY--TOPICAL TERM
Topical term or geographic name as entry element Mandukya
650 ## - SUBJECT ADDED ENTRY--TOPICAL TERM
Topical term or geographic name as entry element Manduk
650 ## - SUBJECT ADDED ENTRY--TOPICAL TERM
Topical term or geographic name as entry element Taiteriya
650 ## - SUBJECT ADDED ENTRY--TOPICAL TERM
Topical term or geographic name as entry element Eatareya
942 ## - ADDED ENTRY ELEMENTS (KOHA)
Koha item type Book
Holdings
Withdrawn status Lost status Damaged status Not for loan Home library Current library Date acquired Total Checkouts Barcode Date last seen Price effective from
        Institute For Oriental Study, Thane Institute For Oriental Study, Thane 12/02/2009   IOS-10555 12/02/2009 12/02/2009